00642nam a2200133 a 4500008004100000020001800041041000800059100002100067245005300088250009900141260003300240300002400273500021100297260220e2023 sp a|||f |||| 00| 0 spa d a9780323760287 aspa1 aNetter, Frank H. aAtlas de Anatomía Humana / cFrank H. Netter. a8va ed. versión en español de la obra original en inglésbTraducción Elsevier España aBarcelona:bElsevier;c2023. a716 p.bil. tablas. aNetter, F. H. (2019). Atlas de anatomía humana. (7a ed.). Barcelona : Elsevier ; Masson. Compra uncoma julio 2019. Ejemplar mojado por Sofia Lara, se mantuvo ejemplar e inventario. Lo repuso 25/11/2019.